000 00325 a2200157 4500
001 181583
020 _a
040 _cMagnum
100 _aMadler, Trudy
240 1 0 _aPor que vovo morreu ?
_lpor
245 1 0 _aPor que vovo morreu ?
362 0 _a1899
440 1 _aÁtica
697 _aMAGNITO: IJ/GERAL
942 _cBK
999 _c181583
_d181583